Estadísticas para Comunas de la Región de La Araucanía

Haz click aquí para intentar la prueba.

Estadísticas generales

  • Esta prueba ha sido intentada 7 veces
  • La puntuación promedio es 12 de 32

Estadísticas de respuestas

Comunas% Correcto
CautínTemuco
100%
MallecoAngol
50%
MallecoCollipulli
50%
CautínCunco
50%
MallecoCuracautín
50%
CautínCurarrehue
50%
MallecoErcilla
50%
CautínGalvarino
50%
CautínLautaro
50%
MallecoLonquimay
50%
CautínMelipeuco
50%
CautínNueva Imperial
50%
CautínPadre Las Casas
50%
CautínPerquenco
50%
CautínPucón
50%
MallecoPurén
50%
MallecoRenaico
50%
CautínSaavedra
50%
CautínTeodoro Schmidt
50%
CautínToltén
50%
MallecoTraiguén
50%
MallecoVictoria
50%
CautínVillarrica
50%
CautínCarahue
0%
CautínCholchol
0%
CautínFreire
0%
CautínGorbea
0%
CautínLoncoche
0%
MallecoLos Sauces
0%
MallecoLumaco
0%
CautínPitrufquén
0%
CautínVilcún
0%

Distribución de puntuación

Porcentaje por número respondido

Porcentaje de gente con cada puntuación

Historial de tus puntuaciones

No has intentado esta prueba.